Análisis económico (Registro nro. 5642)

Detalles MARC
000 -LEADER
fixed length control field 02132 a2200217 4500
001 - CONTROL NUMBER
control field 54562
005 - DATE AND TIME OF LATEST TRANSACTION
control field 20260407155819.0
008 - FIXED-LENGTH DATA ELEMENTS--GENERAL INFORMATION
fixed length control field 260407a1980 arg spa d
003 - CONTROL NUMBER IDENTIFIER
control field AR-UNSa-BCEJYS
040 ## - CATALOGING SOURCE
Original cataloging agency AR-UNSa-BCEJYS
Language of cataloging spa
Transcribing agency AR-UNSa-BCEJYS
080 ## - UNIVERSAL DECIMAL CLASSIFICATION NUMBER
Universal Decimal Classification number 330.1
Common auxiliary subdivision Ciencia económica. Conceptos fundamentales de teoría económica. Valor. Capital. Fondos
041 ## - LANGUAGE CODE
Language code of text/sound track or separate title spa
100 1# - MAIN ENTRY--PERSONAL NAME
Personal name Due, John F.
245 10 - TITLE STATEMENT
Title Análisis económico
250 ## - EDITION STATEMENT
Edition statement 7a. ed.
264 #1 - PRODUCTION, PUBLICATION, DISTRIBUTION, MANUFACTURE, AND COPYRIGHT NOTICE
Place of production, publication, distribution, manufacture Buenos Aires :
Name of producer, publisher, distributor, manufacturer EUDEBA (Editorial Universitaria de Buenos Aires)
Date of production, publication, distribution, manufacture, or copyright notice 1980
300 ## - PHYSICAL DESCRIPTION
Extent xvii, 653 p.
Dimensions 22 cm.
505 ## - FORMATTED CONTENTS NOTE
Formatted contents note Primera parte: Introducción - I. Naturaleza y funciones del sistema económico - II. Naturaleza y alcance de la teoría económica - III. Las unidades del sistema económico y la maximización de los objetivos - IV. Relaciones de mercado - Segunda parte: Teoría de la determinación de los precios y volúmenes de producción de mercancías - V. Demanda del consumidor - VI. Demanda dirigida a la empresa - VII. Teoría de la producción: Funciones de producción - VIII. Naturaleza y comportamiento de los costos - IX. Determinación del precio y del volumen de producción en condiciones de competencia pura - X. Diferenciación del producto y competencia monopólica - XI. Monopolio - XII. Oligopolio - Tercera parte: Teoría de la determinación del precio de los factores - XIII. Introducción a la teoría de los precios de los factores y de la distribución del ingreso - XIV. Determinación del salario en econdiciones de competencia pura - XV. Determinación del salario en mercados d etrabajo no puramente competitivos - XVI. Los bienes de capital y las decisiones de inversión - XVII. La teoría del interés - XVIII. Rentas y cuasi rentas - XIX. La teoría del beneficio - XX. El equilibrio general de la economía - Cuarta parte: Ingreso nacional - XXI. Las magnitudes del ingreso nacional - XXII. El nivel del ingreso nacional - XXIII. Cambios en el ingreso nacional - Quinta parte: Economía del bienestar - XXIV. Reseña de la economía del bienestar
590 ## - LOCAL NOTE (RLIN)
Local note niveau_biblio:m niveau_hierar:0
942 ## - ADDED ENTRY ELEMENTS (KOHA)
Koha item type
Existencias
Withdrawn status Lost status Damaged status Not for loan Home library Current library Shelving location Date acquired Total checkouts Full call number Barcode Date last seen Price effective from Koha item type
        Biblioteca Prof. Eusebio Cleto del Rey Biblioteca Prof. Eusebio Cleto del Rey   07/04/2026   330.1 D852 7ed. L53261 07/04/2026 07/04/2026 Libro